| Tag |
First Indicator |
Second Indicator |
Subfields |
| LEADER |
00000cgm a22000003i 4500 |
| 001 |
in00003746310 |
| 006 |
m|||||o||c|||||||| |
| 007 |
cr |n||||||||a |
| 007 |
vz |za|z| |
| 008 |
160415s2014 nyu006 e |o vleng d |
| 005 |
20260324205733.9 |
| 035 |
|
|
|a (OCoLC)950016020
|
| 035 |
|
|
|a (VaAlASP)ASP2875076/cbsv
|
| 040 |
|
|
|a VaAlASP
|b eng
|e rda
|c VaAlASP
|d UtOrBLW
|
| 245 |
0 |
0 |
|a Sunday morning.
|p Offline /
|c producer, Ayesha Siddiqi.
|
| 246 |
1 |
0 |
|a Offline
|
| 264 |
|
1 |
|a New York, NY :
|b Columbia Broadcasting System,
|c 2014.
|
| 300 |
|
|
|a 1 online resource (6 minutes)
|
| 306 |
|
|
|a 000620
|
| 336 |
|
|
|a two-dimensional moving image
|b tdi
|2 rdacontent
|
| 337 |
|
|
|a video
|b v
|2 rdamedia
|
| 337 |
|
|
|a computer
|b c
|2 rdamedia
|
| 338 |
|
|
|a other
|b vz
|2 rdacarrier
|
| 338 |
|
|
|a online resource
|b cr
|2 rdacarrier
|
| 347 |
|
|
|a data file
|2 rda
|
| 500 |
|
|
|a Title from resource description page (viewed April 15, 2016).
|
| 520 |
|
|
|a This Sunday Morning episode, reported by David Pogue, is about online presence after death.
|
| 546 |
|
|
|a In English.
|
| 650 |
|
0 |
|a Data protection.
|0 http://id.loc.gov/authorities/subjects/sh85035859
|
| 650 |
|
0 |
|a Death
|x Social aspects.
|0 http://id.loc.gov/authorities/subjects/sh2008117503
|
| 650 |
|
0 |
|a Digital preservation.
|0 http://id.loc.gov/authorities/subjects/sh95004496
|
| 650 |
|
0 |
|a Internet
|x Social aspects.
|0 http://id.loc.gov/authorities/subjects/sh2009127185
|
| 650 |
|
0 |
|a Online identities.
|0 http://id.loc.gov/authorities/subjects/sh2006002330
|
| 655 |
|
7 |
|a Internet videos.
|2 lcgft
|0 http://id.loc.gov/authorities/genreForms/gf2011026337
|
| 655 |
|
7 |
|a Television news programs.
|2 lcgft
|0 http://id.loc.gov/authorities/genreForms/gf2011026667
|
| 700 |
1 |
|
|a Pogue, David,
|d 1963-
|e interviewer.
|0 http://id.loc.gov/authorities/names/n92101637
|
| 700 |
1 |
|
|a Siddiqi, Ayesha,
|e producer.
|
| 710 |
2 |
|
|a CBS News Productions,
|e production company.
|0 http://id.loc.gov/authorities/names/n2001128633
|
| 856 |
4 |
0 |
|u http://proxy.library.tamu.edu/login?url=https://www.aspresolver.com/aspresolver.asp?CBSV;2875076
|z Connect to this streaming video (Alexander Street Press)
|t 0
|
| 999 |
f |
f |
|s fbf9de11-a4fc-31fd-8a8f-cc94ff2bfcd7
|i 99ab569e-8ad3-325f-87a4-34a221bbb1ac
|t 0
|
| 952 |
f |
f |
|a Texas A&M University
|b College Station
|c Electronic Resources
|s www_evans
|d Available Online
|t 0
|h No information provided
|
| 998 |
f |
f |
|t 0
|l Available Online
|